Smith & Tanagho's general urology /
Saved in:
| Other Authors: | , , |
|---|---|
| Format: | Book |
| Language: | English |
| Published: |
New York :
McGraw-Hill Medical,
c2013.
|
| Edition: | 18th ed. |
| Subjects: | |
| Online Access: | Visit NHRC Library |
| Tags: |
Add Tag
No Tags, Be the first to tag this record!
|
| LEADER | 01635cam a2200457 a 4500 | ||
|---|---|---|---|
| 001 | 9707082 | ||
| 005 | 20220906184647.0 | ||
| 008 | 120217s2013 nyua b 001 0 eng | ||
| 010 | |a 2012007118 | ||
| 016 | 7 | |a 101578464 |2 DNLM | |
| 020 | |a 9780071624978 (softcover : alk. paper) | ||
| 020 | |a 007162497X (MHID) | ||
| 029 | 1 | |a NLM |b 101578464 | |
| 035 | |a (OCoLC)ocn778040102 | ||
| 035 | |a (OCoLC)778040102 |z (OCoLC)793223391 | ||
| 035 | |a (NNC)9707082 | ||
| 040 | |a DNLM/DLC |b eng |c DLC |d YDX |d NLM |d BDX |d YDXCP |d BTCTA |d OCLCO |d VET |d OCLCO | ||
| 042 | |a pcc | ||
| 050 | 4 | |a RC871 |b .S5 2013 | |
| 060 | 1 | 0 | |a WJ 140 |
| 060 | 4 | |a WJ 140 |b S643 2013 | |
| 082 | 0 | 0 | |a 616.6 |2 23 |
| 245 | 0 | 0 | |a Smith & Tanagho's general urology / |c edited by, Jack W. McAninch, Tom F. Lue. |
| 246 | 3 | |a Smith and Tanagho's general urology | |
| 246 | 3 | 0 | |a General urology |
| 250 | |a 18th ed. | ||
| 260 | |a New York : |b McGraw-Hill Medical, |c c2013. | ||
| 300 | |a x, 758 p. : |b ill. ; |c 24 cm. | ||
| 500 | |a Rev. ed. of: Smith's general urology. 17th ed. c2008. | ||
| 504 | |a Includes bibliographical references and index. | ||
| 650 | 0 | |a Urology. |9 3323 | |
| 650 | 1 | 2 | |a Urologic Diseases. |9 3324 |
| 700 | 1 | |a McAninch, Jack W. |9 3325 | |
| 700 | 1 | |a Lue, Tom F. |9 3326 | |
| 700 | 1 | |a Smith, Donald R. |q (Donald Ridgeway), |d 1909-1991. |9 3327 | |
| 730 | 0 | |a Smith's general urology. |9 3328 | |
| 856 | |u http://nhrc.org.np/contact |y Visit NHRC Library | ||
| 900 | |a AUTH | ||
| 942 | |2 NLM |c BK | ||
| 952 | |0 0 |1 0 |2 NLM |4 0 |6 WJ_140_000000000000000_ANI_2013 |7 0 |9 2298 |a NHRC |b NHRC |c CART |d 2015-10-05 |l 0 |o WJ 140/ANI/2013 |p 001937 |r 2015-10-05 |w 2015-10-05 |y BK | ||
| 999 | |c 2212 |d 2212 | ||